Artificial intelligence and intelligent systems

שמור ב:
מידע ביבליוגרפי
מחבר ראשי: Padhy, N.P.
פורמט: ספר
שפה:Undetermined
יצא לאור: Oxford Oxford University Press 2005
נושאים:
תגים: הוספת תג
אין תגיות, היה/י הראשונ/ה לתייג את הרשומה!
Thư viện lưu trữ: Trung tâm Học liệu Trường Đại học Cần Thơ
LEADER 00734nam a2200193Ia 4500
001 CTU_151634
008 210402s9999 xx 000 0 und d
020 |c 567000 
082 |a 006.33 
082 |b P123 
100 |a Padhy, N.P. 
245 0 |a Artificial intelligence and intelligent systems 
245 0 |c N. P. Padhy 
260 |a Oxford 
260 |b Oxford University Press 
260 |c 2005 
650 |a Expert systems (Computer science),Intelligent agents (Computer software),Artificial intelligence,Tinh thông hệ thống ( khoa học máy tính ),Quản lý thông minh ( phần mềm máy tính ),Thông minh nhân tạo 
904 |i Qhieu 
980 |a Trung tâm Học liệu Trường Đại học Cần Thơ